Online
Catalog

La ruta de la coca : (Record no. 42173)

MARC details
000 -CABECERA
campo de control de longitud fija 00676nam a2200193 a 4500
001 - NÚMERO DE CONTROL
campo de control 000042684
005 - FECHA Y HORA DE LA ÚLTIMA TRANSACCIÓN
campo de control 20201002040326.0
008 - DATOS DE LONGITUD FIJA--INFORMACIÓN GENERAL
campo de control de longitud fija 140206s1997 sp 000 0 spa d
020 ## - NÚMERO INTERNACIONAL ESTÁNDAR DEL LIBRO
Número Internacional Estándar del Libro 8440680163
040 ## - FUENTE DE LA CATALOGACIÓN
Centro catalogador/agencia de origen DO-SdBNP
Lengua de catalogación spa
Centro/agencia transcriptor BNPHU
100 1# - ENTRADA PRINCIPAL--NOMBRE DE PERSONA
Nombre de persona Nicholl, Charles
9 (RLIN) 69985
240 14 - TÍTULO UNIFORME
Título uniforme The Fruit palace
245 13 - MENCIÓN DE TÍTULO
Título La ruta de la coca :
Resto del título un viaje por Colombia y por el submundo del tráfico de cocaína /
Mención de responsabilidad, etc. Charles Nicholl; traducción, Antonio Desmonts.
260 ## - PUBLICACIÓN, DISTRIBUCIÓN, ETC.
Lugar de publicación, distribución, etc. Barcelona, :
Nombre del editor, distribuidor, etc. Ediciones B,
Fecha de publicación, distribución, etc. 1997.
300 ## - DESCRIPCIÓN FÍSICA
Extensión 405 p. ;
Dimensiones 19 cm.
490 1# - MENCIÓN DE SERIE
Mención de serie Biblioteca Grandes Viajeros
700 1# - PUNTO DE ACCESO ADICIONAL--NOMBRE DE PERSONA
Nombre de persona Desmonts, Antonio
Término indicativo de función/relación trad.
9 (RLIN) 69986
830 #0 - PUNTO DE ACCESO ADICIONAL DE SERIE-TÍTULO UNIFORME
Título uniforme Biblioteca Grandes Viajeros
9 (RLIN) 69748
Holdings
Estado de retiro Estado de pérdida Restricciones de uso No para préstamo Código de colección Localización permanente Ubicación/localización actual Ubicación en estantería Fecha de adquisición Número de inventario Total de préstamos Signatura topográfica completa Código de barras Fecha visto por última vez Precio válido a partir de Tipo de ítem Koha
      Excluido de préstamo Monografías: Libros y Folletos General General En catalogación 05.02.2014 LF1   42684-10 25.06.2020 25.06.2020 No se presta

Powered by Koha